| 000 | 00484nam a2200181Ia 4500 | ||
|---|---|---|---|
| 001 | 2162 | ||
| 005 | 20260306143822.0 | ||
| 008 | 260306t2022||||xx |||||||||||||| ||spa|| | ||
| 041 | _aESP | ||
| 082 |
_a615.902 _bH87 |
||
| 100 |
_aHuerta Olvera, Selene Guadalupe _eAUT |
||
| 245 | 0 |
_aToxicología ambiental, clínica y cotidiana: _bbases y casos de estudio |
|
| 260 | _c2022 | ||
| 300 |
_axxx, 449 páginas : _c28 cm. |
||
| 650 | _aGEN | ||
| 654 | _aCPS | ||
| 942 |
_cLIB _dJUS _fJUS _2ddc _n |
||
| 999 |
_c2162 _d2162 |
||